000 00617nam a2200169 i 4500
001 63438
003 ES-MaACL
005 20230906164852.0
007 t|
008 031210s1904 sp ||||1| spa d
100 1 _aFerrer y Beltrán, Vicente.
_950503
245 1 0 _aMemoria de los trabajos realizados durante el año 1903 /
_cVicente Ferrer y Beltrán.
260 _aBarcelona :
_bHenrich y Cª,
_c1904.
500 _aPrecede al tít.: Cámara de Comercio, Industria y Navegación de Barcelona.
710 2 _aCámara Oficial de Comercio, Industria y Navegación de Barcelona.
_92390
852 _aES-MaACL
_jT-1027-F-4
999 _c63438
_d63438